000 00674nam a2200265Ia 4500
003 OSt
005 20220912150415.0
006 a|||||r|||| 00| 0
007 ta
008 220909b |||||||| |||| 00| 0 eng d
024 _a33173
037 _cTextual
040 _aCSL
_beng
_cCSL
041 _aeng
082 _aD65,2, M6
100 _aCogdell J R
245 0 _aIntroduction to circuits and electronics
260 _aEnglewood
_bCliffs Prentice-Hall
_c1986
300 _axv,384p.
_ccm.
650 _a Circuits
650 _a Electronics
650 _aEngineering
942 _hD65,2, M6
_cTEXL
_2CC
999 _c46866
_d46866